[Event "DEM U14 2017"]
[Site "Willingen GER"]
[Date "2017.06.08"]
[Round "7"]
[White "Suvorov, Alexander"]
[Black "Zimmer, Raphael"]
[Result "1-0"]
[Termination "normal"]
[Board "4"]
[WhiteElo "2196"]
[BlackElo "2065"]
[WhiteClock "00:29:37"]
[BlackClock "00:39:38"]
[PlyCount "95"]
[WhiteFideId "12977063"]
[BlackFideId "12978841"]
[EventCountry "GER"]
[EventRounds "9"]
[EventType "swiss"]
[EventDate "2017.06.03"]

1. d4 {[%clk 1:30:58]} 1... d5 {[%clk 1:30:53]} 2. c4 {[%clk 1:31:22]} 2... c6
{[%clk 1:31:15]} 3. Nf3 {[%clk 1:31:15]} 3... dxc4 {[%clk 1:31:16]} 4. Ne5 {
[%clk 1:27:46]} 4... b5 {[%clk 1:29:28]} 5. e3 {[%clk 1:25:21]} 5... Nf6 {
[%clk 1:26:47]} 6. a4 {[%clk 1:23:34]} 6... e6 {[%clk 1:25:38]} 7. axb5 { [%clk
1:16:20]} 7... cxb5 {[%clk 1:25:38]} 8. b3 {[%clk 1:15:34]} 8... Bb4+ { [%clk
1:24:58]} 9. Bd2 {[%clk 1:15:35]} 9... Bxd2+ {[%clk 1:23:31]} 10. Nxd2 { [%clk
1:14:41]} 10... O-O {[%clk 1:17:54]} 11. bxc4 {[%clk 1:14:28]} 11... bxc4
{[%clk 1:17:40]} 12. Bxc4 {[%clk 1:01:44]} 12... Bb7 {[%clk 1:14:28]} 13. O-O {
[%clk 1:01:41]} 13... Nbd7 {[%clk 1:13:39]} 14. Nxd7 {[%clk 0:57:47]} 14...
Qxd7 {[%clk 1:13:22]} 15. Ra5 {[%clk 0:44:24]} 15... Rfc8 {[%clk 1:07:33]} 16.
Qe2 {[%clk 0:39:40]} 16... h6 {[%clk 1:00:16]} 17. Rfa1 {[%clk 0:37:22]} 17...
Bd5 {[%clk 0:50:53]} 18. Bxd5 {[%clk 0:33:26]} 18... Nxd5 {[%clk 0:47:15]} 19.
Nc4 {[%clk 0:31:04]} 19... Rc7 {[%clk 0:46:01]} 20. Ne5 {[%clk 0:25:02]} 20...
Qe7 {[%clk 0:44:13]} 21. h3 {[%clk 0:18:51]} 21... Rac8 {[%clk 0:40:38]} 22.
Kh2 {[%clk 0:15:12]} 22... f6 {[%clk 0:37:44]} 23. Nd3 {[%clk 0:12:03]} 23...
Qd6+ {[%clk 0:34:45]} 24. g3 {[%clk 0:11:13]} 24... Rc2 {[%clk 0:33:34]} 25.
Qf3 {[%clk 0:11:30]} 25... R8c3 {[%clk 0:33:24]} 26. Rc5 {[%clk 0:10:42]} 26...
Rxc5 {[%clk 0:30:53]} 27. Nxc5 {[%clk 0:09:55]} 27... Qb6 {[%clk 0:30:19]} 28.
Kg1 {[%clk 0:06:55]} 28... Rd2 {[%clk 0:15:19]} 29. h4 {[%clk 0:04:11]} 29...
a5 {[%clk 0:14:02]} 30. Qe4 {[%clk 0:03:24]} 30... Kf7 {[%clk 0:12:45]} 31. Rb1
{[%clk 0:03:21]} 31... f5 {[%clk 0:12:43]} 32. Rxb6 {[%clk 0:02:52]} 32... fxe4
{[%clk 0:13:07]} 33. Ra6 {[%clk 0:02:50]} 33... Ra2 {[%clk 0:13:23]} 34. h5 {
[%clk 0:01:17]} 34... Nc3 {[%clk 0:12:59]} 35. Nxe6 {[%clk 0:01:05]} 35... a4 {
[%clk 0:13:09]} 36. Nc5 {[%clk 0:01:10]} 36... Ra1+ {[%clk 0:13:04]} 37. Kg2 {
[%clk 0:01:20]} 37... a3 {[%clk 0:13:31]} 38. Nb3 {[%clk 0:00:47]} 38... Rb1 {
[%clk 0:13:57]} 39. Ra7+ {[%clk 0:00:57]} 39... Kg8 {[%clk 0:13:48]} 40. Rxa3 {
[%clk 0:01:22]} 40... Rb2 {[%clk 0:13:43]} 41. Nc5 {[%clk 0:01:14]} 41... Rc2 {
[%clk 0:12:09]} 42. Kh3 {[%clk 0:00:50]} 42... Kh7 {[%clk 0:09:45]} 43. Rb3 {
[%clk 0:30:04]} 43... g6 {[%clk 0:38:18]} 44. Rb7+ {[%clk 0:28:45]} 44... Kg8 {
[%clk 0:38:40]} 45. hxg6 {[%clk 0:28:39]} 45... Rxf2 {[%clk 0:38:55]} 46. Ne6 {
[%clk 0:28:45]} 46... Nd5 {[%clk 0:39:13]} 47. Rb8+ {[%clk 0:29:10]} 47... Rf8
{[%clk 0:39:38]} 48. Rxf8# {[%clk 0:29:37]} 1-0

[Event "DEM U14 2017"]
[Site "Willingen GER"]
[Date "2017.06.08"]
[Round "7"]
[White "Köllner, Ruben Gideon"]
[Black "Yankelevich, Michael"]
[Result "1/2-1/2"]
[Termination "normal"]
[Board "5"]
[WhiteElo "2104"]
[BlackElo "1886"]
[WhiteClock "00:03:39"]
[BlackClock "00:44:03"]
[PlyCount "44"]
[WhiteFideId "12993093"]
[BlackFideId "12921440"]
[EventCountry "GER"]
[EventRounds "9"]
[EventType "swiss"]
[EventDate "2017.06.03"]

1. d4 {[%clk 1:30:58]} 1... d5 {[%clk 1:30:51]} 2. Bf4 {[%clk 1:31:18]} 2... c5
{[%clk 1:31:12]} 3. e3 {[%clk 1:31:11]} 3... Nc6 {[%clk 1:31:23]} 4. c3 { [%clk
1:31:27]} 4... Nf6 {[%clk 1:31:30]} 5. Nd2 {[%clk 1:30:33]} 5... cxd4 { [%clk
1:28:50]} 6. exd4 {[%clk 1:30:07]} 6... Bf5 {[%clk 1:28:34]} 7. Ngf3 { [%clk
1:27:15]} 7... e6 {[%clk 1:26:59]} 8. Qb3 {[%clk 1:13:31]} 8... Qc8 { [%clk
1:22:24]} 9. Ne5 {[%clk 1:07:54]} 9... Nd7 {[%clk 1:15:55]} 10. Nxc6 { [%clk
0:52:59]} 10... bxc6 {[%clk 1:11:03]} 11. Qa4 {[%clk 0:49:30]} 11... a5 { [%clk
1:08:22]} 12. Be2 {[%clk 0:42:08]} 12... Be7 {[%clk 1:05:58]} 13. O-O { [%clk
0:42:01]} 13... O-O {[%clk 1:05:31]} 14. Rac1 {[%clk 0:31:50]} 14... Qb7 {[%clk
1:02:06]} 15. Qb3 {[%clk 0:20:21]} 15... Qxb3 {[%clk 0:59:58]} 16. axb3 {[%clk
0:20:09]} 16... c5 {[%clk 0:57:45]} 17. Bb5 {[%clk 0:15:48]} 17... Ra7 { [%clk
0:56:26]} 18. Nf3 {[%clk 0:12:28]} 18... Rc8 {[%clk 0:53:39]} 19. Ra1 { [%clk
0:10:37]} 19... Nb8 {[%clk 0:52:44]} 20. dxc5 {[%clk 0:07:36]} 20... Bxc5
{[%clk 0:50:11]} 21. Nd4 {[%clk 0:07:37]} 21... Be4 {[%clk 0:46:07]} 22. Rfc1 {
[%clk 0:03:39]} 22... h6 {[%clk 0:44:03]} 1/2-1/2

[Event "DEM U14 2017"]
[Site "Willingen GER"]
[Date "2017.06.08"]
[Round "7"]
[White "Wachinger, Nikolas"]
[Black "Stork, Oliver"]
[Result "1-0"]
[Termination "normal"]
[Board "6"]
[WhiteElo "2055"]
[BlackElo "2012"]
[WhiteClock "00:05:54"]
[BlackClock "00:00:35"]
[PlyCount "59"]
[WhiteFideId "12962791"]
[BlackFideId "12955728"]
[EventCountry "GER"]
[EventRounds "9"]
[EventType "swiss"]
[EventDate "2017.06.03"]

1. e4 {[%clk 1:30:59]} 1... c6 {[%clk 1:30:55]} 2. d4 {[%clk 1:31:22]} 2... d5
{[%clk 1:31:20]} 3. e5 {[%clk 1:31:46]} 3... Bf5 {[%clk 1:31:44]} 4. Nf3 {
[%clk 1:32:08]} 4... e6 {[%clk 1:31:47]} 5. Be2 {[%clk 1:32:26]} 5... Ne7 {
[%clk 1:30:39]} 6. O-O {[%clk 1:32:23]} 6... Nd7 {[%clk 1:30:32]} 7. Nbd2 {
[%clk 1:32:11]} 7... c5 {[%clk 1:28:27]} 8. c4 {[%clk 1:30:44]} 8... Nc6 {
[%clk 1:18:06]} 9. cxd5 {[%clk 1:16:13]} 9... exd5 {[%clk 1:11:16]} 10. dxc5 {
[%clk 1:14:00]} 10... Nxc5 {[%clk 0:59:20]} 11. Nb3 {[%clk 1:11:51]} 11... Be7
{[%clk 0:45:37]} 12. Be3 {[%clk 1:06:32]} 12... Nxb3 {[%clk 0:35:36]} 13. Qxb3
{[%clk 1:05:42]} 13... Qd7 {[%clk 0:31:11]} 14. Nd4 {[%clk 0:56:01]} 14... Nxd4
{[%clk 0:27:15]} 15. Bxd4 {[%clk 0:56:23]} 15... O-O {[%clk 0:25:56]} 16. Qg3 {
[%clk 0:43:40]} 16... Qe6 {[%clk 0:20:45]} 17. Rac1 {[%clk 0:39:11]} 17... Rfc8
{[%clk 0:18:08]} 18. Bb5 {[%clk 0:36:54]} 18... Bg6 {[%clk 0:13:48]} 19. Qf4 {
[%clk 0:28:48]} 19... a6 {[%clk 0:13:04]} 20. Be2 {[%clk 0:27:37]} 20... Rxc1 {
[%clk 0:09:29]} 21. Rxc1 {[%clk 0:23:51]} 21... Rc8 {[%clk 0:09:49]} 22. Bc3 {
[%clk 0:14:11]} 22... Qb6 {[%clk 0:06:11]} 23. Rd1 {[%clk 0:13:22]} 23... Bc2 {
[%clk 0:04:05]} 24. Rxd5 {[%clk 0:08:48]} 24... Qg6 {[%clk 0:01:30]} 25. Qg4 {
[%clk 0:05:30]} 25... Rd8 {[%clk 0:00:36]} 26. Rxd8+ {[%clk 0:05:19]} 26...
Bxd8 {[%clk 0:01:02]} 27. Qd7 {[%clk 0:05:22]} 27... h5 {[%clk 0:00:39]} 28.
Qxd8+ {[%clk 0:05:44]} 28... Kh7 {[%clk 0:01:04]} 29. Qh4 {[%clk 0:05:32]}
29... Be4 {[%clk 0:00:35]} 30. Qxh5+ {[%clk 0:05:54]} 1-0

[Event "DEM U14 2017"]
[Site "Willingen GER"]
[Date "2017.06.08"]
[Round "7"]
[White "Wu, Leon"]
[Black "Kotyk, Michael"]
[Result "1-0"]
[Termination "normal"]
[Board "7"]
[WhiteElo "1957"]
[BlackElo "1927"]
[WhiteClock "00:21:23"]
[BlackClock "00:15:48"]
[PlyCount "145"]
[WhiteFideId "12977438"]
[BlackFideId "16214501"]
[EventCountry "GER"]
[EventRounds "9"]
[EventType "swiss"]
[EventDate "2017.06.03"]

1. e4 {[%clk 1:30:55]} 1... e5 {[%clk 1:30:56]} 2. Nf3 {[%clk 1:31:09]} 2...
Nc6 {[%clk 1:31:21]} 3. Bb5 {[%clk 1:31:21]} 3... a6 {[%clk 1:31:47]} 4. Ba4 {
[%clk 1:31:27]} 4... Nf6 {[%clk 1:32:13]} 5. O-O {[%clk 1:31:36]} 5... Bc5 {
[%clk 1:32:39]} 6. Re1 {[%clk 1:30:27]} 6... b5 {[%clk 1:31:19]} 7. Bb3 { [%clk
1:29:23]} 7... d6 {[%clk 1:31:37]} 8. c3 {[%clk 1:29:24]} 8... Bb6 { [%clk
1:32:03]} 9. h3 {[%clk 1:29:22]} 9... O-O {[%clk 1:31:03]} 10. d4 { [%clk
1:28:59]} 10... h6 {[%clk 1:31:26]} 11. Bc2 {[%clk 1:27:26]} 11... Rb8 { [%clk
1:25:57]} 12. Be3 {[%clk 1:24:26]} 12... Bb7 {[%clk 1:18:50]} 13. a3 { [%clk
1:21:42]} 13... Nh7 {[%clk 1:16:07]} 14. Nbd2 {[%clk 1:19:14]} 14... Qf6 {[%clk
1:11:20]} 15. Nf1 {[%clk 1:16:00]} 15... Rbd8 {[%clk 1:10:12]} 16. Ng3 { [%clk
1:09:12]} 16... Ne7 {[%clk 1:09:19]} 17. d5 {[%clk 1:05:26]} 17... Bxe3 { [%clk
1:09:30]} 18. Rxe3 {[%clk 1:04:36]} 18... g5 {[%clk 1:03:08]} 19. Nh2 { [%clk
1:02:19]} 19... Qg6 {[%clk 0:59:11]} 20. b3 {[%clk 0:56:22]} 20... Nf6 { [%clk
0:57:34]} 21. Bd3 {[%clk 0:54:46]} 21... h5 {[%clk 0:54:20]} 22. Rf3 { [%clk
0:45:21]} 22... h4 {[%clk 0:51:16]} 23. Nf5 {[%clk 0:43:43]} 23... Nxf5 { [%clk
0:51:30]} 24. Rxf5 {[%clk 0:43:11]} 24... Bc8 {[%clk 0:51:53]} 25. Rf3 { [%clk
0:42:36]} 25... Nxe4 {[%clk 0:51:59]} 26. Qc2 {[%clk 0:41:42]} 26... f5 { [%clk
0:52:05]} 27. b4 {[%clk 0:41:21]} 27... Bb7 {[%clk 0:47:16]} 28. c4 { [%clk
0:38:00]} 28... bxc4 {[%clk 0:45:10]} 29. Bxc4 {[%clk 0:38:20]} 29... Nf6
{[%clk 0:44:52]} 30. Qxf5 {[%clk 0:33:39]} 30... Qxf5 {[%clk 0:45:17]} 31. Rxf5
{[%clk 0:34:02]} 31... Ne4 {[%clk 0:45:44]} 32. Rxf8+ {[%clk 0:33:53]} 32...
Rxf8 {[%clk 0:46:07]} 33. Nf3 {[%clk 0:33:47]} 33... Rf4 {[%clk 0:44:51]} 34.
Rc1 {[%clk 0:30:22]} 34... Nxf2 {[%clk 0:43:04]} 35. Nxg5 {[%clk 0:25:50]}
35... Ne4 {[%clk 0:36:16]} 36. Ne6 {[%clk 0:24:41]} 36... Rf6 {[%clk 0:35:29]}
37. Nxc7 {[%clk 0:22:50]} 37... Ng3 {[%clk 0:34:56]} 38. Rc2 {[%clk 0:22:04]}
38... Rf4 {[%clk 0:29:11]} 39. Nxa6 {[%clk 0:18:38]} 39... Kh7 {[%clk 0:21:26]}
40. Nc7 {[%clk 0:17:39]} 40... Rf7 {[%clk 0:21:04]} 41. Ne6 {[%clk 0:15:11]}
41... Kg6 42. Nd8 {[%clk 0:09:57]} 42... Rd7 {[%clk 0:18:49]} 43. Nxb7 { [%clk
0:10:06]} 43... Rxb7 {[%clk 0:19:18]} 44. Ba6 {[%clk 0:10:11]} 44... Rd7 {[%clk
0:18:35]} 45. a4 {[%clk 0:09:36]} 45... e4 {[%clk 0:16:52]} 46. Kf2 { [%clk
0:07:16]} 46... Re7 {[%clk 0:16:04]} 47. b5 {[%clk 0:07:06]} 47... e3+ { [%clk
0:16:17]} 48. Ke1 {[%clk 0:07:00]} 48... Re4 {[%clk 0:15:19]} 49. Rb2 { [%clk
0:05:51]} 49... Rxa4 {[%clk 0:15:15]} 50. Rb1 {[%clk 0:05:54]} 50... Ra2 {[%clk
0:13:46]} 51. b6 {[%clk 0:05:15]} 51... Rxg2 {[%clk 0:13:52]} 52. Kd1 { [%clk
0:05:33]} 52... e2+ {[%clk 0:10:27]} 53. Kd2 {[%clk 0:00:52]} 53... Ne4+ {[%clk
0:07:33]} 54. Ke3 {[%clk 0:01:04]} 54... Nc5 {[%clk 0:07:51]} 55. Bxe2 { [%clk
0:00:34]} 55... Rg3+ {[%clk 0:06:41]} 56. Kf4 {[%clk 0:29:51]} 56... Nd7 {[%clk
0:27:33]} 57. b7 {[%clk 0:29:32]} 57... Nb8 {[%clk 0:27:55]} 58. Rb6 { [%clk
0:29:12]} 58... Kg7 {[%clk 0:23:51]} 59. Rxd6 {[%clk 0:29:09]} 59... Rb3 {[%clk
0:24:20]} 60. Kg5 {[%clk 0:26:30]} 60... Rxb7 {[%clk 0:23:20]} 61. Bg4 { [%clk
0:26:16]} 61... Kf7 {[%clk 0:20:08]} 62. Kxh4 {[%clk 0:25:23]} 62... Ke7 {[%clk
0:19:07]} 63. Re6+ {[%clk 0:23:30]} 63... Kf7 {[%clk 0:18:51]} 64. Rh6 { [%clk
0:23:26]} 64... Kg7 {[%clk 0:18:19]} 65. Rd6 {[%clk 0:23:17]} 65... Rf7 { [%clk
0:16:13]} 66. Kg5 {[%clk 0:22:42]} 66... Rf8 {[%clk 0:15:42]} 67. Rb6 { [%clk
0:21:20]} 67... Rd8 {[%clk 0:15:34]} 68. Be6 {[%clk 0:21:10]} 68... Kf8 { [%clk
0:15:23]} 69. Rb7 {[%clk 0:21:09]} 69... Re8 {[%clk 0:15:39]} 70. Kg6 { [%clk
0:20:48]} 70... Rd8 {[%clk 0:15:54]} 71. Kf6 {[%clk 0:20:49]} 71... Ke8 { [%clk
0:15:33]} 72. Rg7 {[%clk 0:21:00]} 72... Nd7+ {[%clk 0:15:48]} 73. Bxd7+ {[%clk
0:21:23]} 1-0

[Event "DEM U14 2017"]
[Site "Willingen GER"]
[Date "2017.06.08"]
[Round "7"]
[White "Bosselmann, Tom Linus"]
[Black "Nguyen, Alex Dac-Vuong"]
[Result "1/2-1/2"]
[Termination "normal"]
[Board "8"]
[WhiteElo "1930"]
[BlackElo "2051"]
[WhiteClock "00:24:09"]
[BlackClock "00:47:22"]
[PlyCount "60"]
[WhiteFideId "12983845"]
[BlackFideId "12984388"]
[EventCountry "GER"]
[EventRounds "9"]
[EventType "swiss"]
[EventDate "2017.06.03"]

1. e4 {[%clk 1:30:58]} 1... e6 {[%clk 1:30:47]} 2. d3 {[%clk 1:31:01]} 2... d5
{[%clk 1:31:12]} 3. Nd2 {[%clk 1:30:47]} 3... Nf6 {[%clk 1:31:36]} 4. Ngf3 {
[%clk 1:30:52]} 4... b6 {[%clk 1:32:02]} 5. g3 {[%clk 1:31:00]} 5... dxe4 {
[%clk 1:32:28]} 6. dxe4 {[%clk 1:31:14]} 6... Bb7 {[%clk 1:32:54]} 7. Qe2 {
[%clk 1:31:18]} 7... a5 {[%clk 1:32:38]} 8. Bg2 {[%clk 1:31:12]} 8... Be7 {
[%clk 1:32:49]} 9. O-O {[%clk 1:31:16]} 9... O-O {[%clk 1:31:09]} 10. Rd1 {
[%clk 1:27:52]} 10... Qc8 {[%clk 1:31:00]} 11. e5 {[%clk 1:26:25]} 11... Nfd7 {
[%clk 1:29:58]} 12. Nf1 {[%clk 1:24:03]} 12... Nc5 {[%clk 1:26:44]} 13. h4 {
[%clk 1:20:51]} 13... Bc6 {[%clk 1:21:51]} 14. Nd4 {[%clk 1:11:12]} 14... Bxg2
{[%clk 1:21:50]} 15. Kxg2 {[%clk 1:11:40]} 15... Qb7+ {[%clk 1:22:02]} 16. f3 {
[%clk 1:09:28]} 16... Nc6 {[%clk 1:19:34]} 17. c3 {[%clk 1:05:40]} 17... Rad8 {
[%clk 1:17:35]} 18. Nxc6 {[%clk 0:59:36]} 18... Qxc6 {[%clk 1:17:54]} 19. Bg5 {
[%clk 0:59:11]} 19... Bxg5 {[%clk 1:16:22]} 20. hxg5 {[%clk 0:59:34]} 20... Rd5
{[%clk 1:14:05]} 21. c4 {[%clk 0:56:46]} 21... Rxd1 {[%clk 1:11:54]} 22. Rxd1 {
[%clk 0:56:55]} 22... Qa4 {[%clk 1:06:01]} 23. b3 {[%clk 0:56:53]} 23... Qb4 {
[%clk 1:05:55]} 24. Ne3 {[%clk 0:49:22]} 24... Qc3 {[%clk 1:02:46]} 25. Ng4 {
[%clk 0:46:08]} 25... a4 {[%clk 0:58:48]} 26. f4 {[%clk 0:41:35]} 26... Kh8 {
[%clk 0:54:52]} 27. bxa4 {[%clk 0:36:02]} 27... Qa3 {[%clk 0:48:09]} 28. Qc2 {
[%clk 0:24:31]} 28... Qxa4 {[%clk 0:47:08]} 29. Qxa4 {[%clk 0:24:13]} 29...
Nxa4 {[%clk 0:47:34]} 30. Rd7 {[%clk 0:24:09]} 30... Rc8 {[%clk 0:47:22]}
1/2-1/2

[Event "DEM U14 2017"]
[Site "Willingen GER"]
[Date "2017.06.08"]
[Round "7"]
[White "Merk, Daniel"]
[Black "Dobrikov, Marco"]
[Result "1/2-1/2"]
[Termination "normal"]
[Board "9"]
[WhiteElo "1900"]
[BlackElo "2012"]
[WhiteClock "01:06:50"]
[BlackClock "00:28:47"]
[PlyCount "46"]
[WhiteFideId "12938386"]
[BlackFideId "12950378"]
[EventCountry "GER"]
[EventRounds "9"]
[EventType "swiss"]
[EventDate "2017.06.03"]

1. d4 {[%clk 1:30:58]} 1... Nf6 {[%clk 1:30:54]} 2. Nf3 {[%clk 1:31:20]} 2...
e6 {[%clk 1:31:08]} 3. Bf4 {[%clk 1:31:47]} 3... b6 {[%clk 1:30:54]} 4. e3 {
[%clk 1:32:13]} 4... Bb7 {[%clk 1:30:47]} 5. Nbd2 {[%clk 1:32:37]} 5... Be7 {
[%clk 1:30:23]} 6. h3 {[%clk 1:33:02]} 6... O-O {[%clk 1:30:30]} 7. Bd3 { [%clk
1:33:26]} 7... d5 {[%clk 1:27:22]} 8. O-O {[%clk 1:29:25]} 8... Nbd7 { [%clk
1:27:24]} 9. c3 {[%clk 1:29:45]} 9... Bd6 {[%clk 1:23:08]} 10. Qe2 { [%clk
1:25:10]} 10... Ne4 {[%clk 1:18:09]} 11. Rfe1 {[%clk 1:18:18]} 11... f5 { [%clk
1:12:04]} 12. Ne5 {[%clk 1:16:27]} 12... Nxd2 {[%clk 0:56:08]} 13. Nxd7 { [%clk
1:15:19]} 13... Qxd7 {[%clk 0:56:23]} 14. Qxd2 {[%clk 1:15:42]} 14... Qe7
{[%clk 0:55:09]} 15. Bxd6 {[%clk 1:13:21]} 15... cxd6 {[%clk 0:55:22]} 16. f4 {
[%clk 1:13:32]} 16... h6 {[%clk 0:52:38]} 17. Qe2 {[%clk 1:13:00]} 17... Rf6 {
[%clk 0:50:39]} 18. Kh2 {[%clk 1:12:54]} 18... Rf7 {[%clk 0:45:27]} 19. a4 {
[%clk 1:11:52]} 19... a6 {[%clk 0:45:08]} 20. Qh5 {[%clk 1:08:49]} 20... Kh7 {
[%clk 0:42:04]} 21. Qe2 {[%clk 1:08:55]} 21... Kh8 {[%clk 0:42:12]} 22. Rg1
22... e5 {[%clk 0:33:32]} 23. g3 {[%clk 1:06:50]} 23... e4 {[%clk 0:28:47]}
1/2-1/2

[Event "DEM U14 2017"]
[Site "Willingen GER"]
[Date "2017.06.08"]
[Round "7"]
[White "Weishäutel, Moritz"]
[Black "Lieberwirth, Kasimir"]
[Result "1-0"]
[Termination "normal"]
[Board "10"]
[WhiteElo "2102"]
[BlackElo "2009"]
[WhiteClock "00:05:29"]
[BlackClock "00:17:33"]
[PlyCount "95"]
[WhiteFideId "12967300"]
[BlackFideId "12988146"]
[EventCountry "GER"]
[EventRounds "9"]
[EventType "swiss"]
[EventDate "2017.06.03"]

1. e4 {[%clk 1:30:57]} 1... c5 {[%clk 1:30:54]} 2. Nc3 {[%clk 1:31:24]} 2... a6
{[%clk 1:31:18]} 3. Nge2 {[%clk 1:31:50]} 3... d6 {[%clk 1:31:42]} 4. g3 {
[%clk 1:31:17]} 4... Nf6 {[%clk 1:29:32]} 5. Bg2 {[%clk 1:31:29]} 5... Nc6 {
[%clk 1:23:25]} 6. O-O {[%clk 1:31:26]} 6... g6 {[%clk 1:23:01]} 7. d3 { [%clk
1:31:11]} 7... Bg7 {[%clk 1:23:02]} 8. h3 {[%clk 1:31:22]} 8... O-O { [%clk
1:22:52]} 9. f4 {[%clk 1:31:21]} 9... Qc7 {[%clk 1:21:18]} 10. g4 { [%clk
1:27:55]} 10... e6 {[%clk 1:20:01]} 11. Ng3 {[%clk 1:27:00]} 11... b5 { [%clk
1:17:39]} 12. f5 {[%clk 1:21:28]} 12... b4 {[%clk 1:09:41]} 13. Nce2 { [%clk
1:20:59]} 13... exf5 {[%clk 1:07:45]} 14. exf5 {[%clk 1:18:04]} 14... Re8
{[%clk 1:00:13]} 15. g5 {[%clk 1:12:33]} 15... Nd7 {[%clk 1:00:16]} 16. f6 {
[%clk 1:12:12]} 16... Bf8 {[%clk 1:00:10]} 17. Nf4 {[%clk 1:09:51]} 17... Nb6 {
[%clk 0:59:11]} 18. Kf2 {[%clk 0:58:44]} 18... Rb8 {[%clk 0:49:55]} 19. Rh1 {
[%clk 0:54:26]} 19... Ne5 {[%clk 0:48:57]} 20. Nf1 {[%clk 0:40:31]} 20... h6 {
[%clk 0:46:33]} 21. Nd5 {[%clk 0:27:30]} 21... Nxd5 {[%clk 0:44:19]} 22. Bxd5 {
[%clk 0:27:59]} 22... Qd7 {[%clk 0:41:25]} 23. Ng3 {[%clk 0:25:46]} 23... Bb7 {
[%clk 0:36:54]} 24. Bxb7 {[%clk 0:25:04]} 24... Rxb7 {[%clk 0:36:49]} 25. gxh6
{[%clk 0:22:06]} 25... Qe6 {[%clk 0:34:17]} 26. Bg5 {[%clk 0:21:12]} 26... d5 {
[%clk 0:31:30]} 27. Qd2 {[%clk 0:17:38]} 27... Kh7 {[%clk 0:29:16]} 28. Rae1 {
[%clk 0:17:30]} 28... Bd6 {[%clk 0:28:12]} 29. Kg2 {[%clk 0:17:14]} 29... Bc7 {
[%clk 0:26:48]} 30. Rhf1 {[%clk 0:13:29]} 30... Rbb8 {[%clk 0:21:50]} 31. Re2 {
[%clk 0:11:44]} 31... Qd7 {[%clk 0:19:06]} 32. Rfe1 {[%clk 0:10:06]} 32... Nc6
{[%clk 0:17:58]} 33. Bf4 {[%clk 0:10:08]} 33... Bxf4 {[%clk 0:15:15]} 34. Qxf4
{[%clk 0:10:37]} 34... Rxe2+ {[%clk 0:12:59]} 35. Rxe2 {[%clk 0:11:07]} 35...
Re8 {[%clk 0:12:54]} 36. Rxe8 {[%clk 0:09:19]} 36... Qxe8 {[%clk 0:13:24]} 37.
Qd6 {[%clk 0:09:15]} 37... c4 {[%clk 0:10:12]} 38. Qxd5 {[%clk 0:09:00]} 38...
cxd3 {[%clk 0:09:53]} 39. cxd3 {[%clk 0:09:06]} 39... Nd8 {[%clk 0:05:57]} 40.
Ne4 {[%clk 0:07:20]} 40... Ne6 {[%clk 0:05:11]} 41. Qb7 {[%clk 0:25:34]} 41...
g5 {[%clk 0:25:01]} 42. Qe7 {[%clk 0:07:34]} 42... Qg8 {[%clk 0:25:29]} 43. Nd6
{[%clk 0:06:42]} 43... Kg6 {[%clk 0:23:31]} 44. Kg3 {[%clk 0:06:11]} 44... Nf4
{[%clk 0:22:08]} 45. Kg4 {[%clk 0:05:51]} 45... Ne6 {[%clk 0:20:24]} 46. Nxf7 {
[%clk 0:05:24]} 46... Qc8 {[%clk 0:18:55]} 47. Nd6 {[%clk 0:05:12]} 47... Qc1 {
[%clk 0:17:33]} 48. Qf7+ {[%clk 0:05:29]} 1-0